• 首页
  • 本馆介绍
  • 公告通知
  • 最新文献
  • 馆藏检索
  • 电子资源
  • 读者导购
  • 参考咨询
  • 我的图书馆
  • 登录
  • 详细信息显示
  • 放入我的书架
  • 预约/预借图书
  • 作者相关作品
  • 分类相关作品
  • 丛书相关作品
  • 出版社相关作品

书目信息

  • 表格格式
  • 工作单格式
  • 卡片格式
题名:
实用水貂养殖技术
    
 
作者: 张志明
分册:  
出版信息: 北京   金盾出版社  2001
页数: 189
开本: 26cm
丛书名:
单 册:
中图分类: S86
科图分类:
主题词: 狩猎 , 野生动物--驯养
电子资源:
ISBN: 7-5082-1478-8
000 00566nam0 2200193 450
001 1735965424
005 20170410095925.42
010    @a7-5082-1478-8@d¥8.00
100    @a20170410d km y0chiy0120 ea
101 0  @achi
200 1  @a实用水貂养殖技术@Ashi yong shui diao yang zhi ji shu@f张志明等@Fzhang zhi ming deng
210    @a北京@c金盾出版社@d2001
215    @a189@d26cm
606 0  @a狩猎
606 0  @a野生动物@x驯养
690    @aS86@v4
701  0 @a张志明@Azhang zhi ming
801  0 @aCN@b大连网信软件有限公司图书馆·11@c20170410
905    @b6604908@dS86@en7@f1
    
    实用水貂养殖技术/张志明等.-北京:金盾出版社,2001
    189;26cm
    
    
    ISBN 7-5082-1478-8:¥8.00
    
●
相关链接 在E读中查询图书 在五车中查询图书 在当当中查询图书 在豆瓣中查询图书


正题名:实用水貂养殖技术     索取号:S86/n7         预约/预借

序号 登录号 条形码 馆藏地/架位号 状态 备注
1 6604908   266049082   生命科学系资料室/ [索取号:S86/n7] 在馆    
唐山师范学院图书馆 欢迎您!
大连网信软件有限公司© 版权所有